The Office Trivia - Statistics

General Stats
  • This quiz has been taken 31 times
    28 since last reset
  • The average score is 13 of 22
Answer Stats
Question Answer % Correct
What does Kevin use as shoes when his get destroyed at Jim and Pam's wedding? Tissue boxes
89%
Who dresses up as Lady Gaga for Halloween? Gabriel Susan Lewis
83%
After leaving Dunder Mifflin, how does David Wallace make his fortune? Selling Suck-It™ to the military
83%
What graced the front page of the newspaper the day Cece was born? Scranton Strangler Strikes Again
78%
At what competing store does Dwight briefly work after quitting Dunder Mifflin to protect Angela? Staples
78%
During the company picnic, what branch do Michael and Holly reveal will soon be closed? Buffalo
67%
From whom did Michael get the money in his shoe to fund the going away party for Toby? His grandmother
67%
What restaurant makes the pizza Kevin describes as "a hot circle of garbage"? Pizza by Alfredo
67%
What is the name of the candle company Jan starts? Serenity by Jan
67%
What are the names of the husband and wife Jim and Pam meet on their honeymoon? Frank and Benny
61%
What Dundie award does Pam end up receiving when she is drunk at Chili's? Whitest sneakers
61%
Other than having sex with men, what does Oscar describe as the gayest thing he does? The Finer Things Club
56%
Thinking it is marijuana, what do Michael and Dwight actually hide in Toby's desk in an attempt to frame him? Caprese salad
50%
What is the name of the toy that Dwight purchases in excess to sell for a profit before Christmas? Princess Unicorn
50%
What song does Andy record himself singing and use as his ringtone? Rockin' Robin
50%
Instead of Santa, who brings gifts and deems you "impish or admirable" in Dwight's Pennsylvania Dutch Christmas? Belsnickel
44%
What is Robert California's real name? Bob Kazamakis
44%
Who is the first person the audience sees fired from Dunder Mifflin (Season 2)? Devon
44%
When he lies about taking a trip to Thailand, where does Ryan actually go? Ft. Lauderdale
44%
In Season 9, Jan takes an executive position at what company? Scranton White Pages
44%
Who actually performs most of the songs on Michael's list of his ten favorite "Bruce Springsteen" songs? Huey Lewis and the News
28%
What animal nickname does Angela give Dwight? Possum
22%
No matching quizzes found
Score Distribution
Percent of People with Each Score
Percentile by Number Answered
Your Score History
You have not taken this quiz since the last reset